000
00230nam a2200097Ia 4500
001
1195558
005
20250827021749.0
008
250824s9999 xx 000 0 und d
245
0
_a
VEDA
_c
AYŞE KULİN
260
_b
EVEREST YAYINLARI
999
_c
1195558
_d
1195558